Foro Democracia ya /

Guardado en:
Detalles Bibliográficos
Autor corporativo: Foro Democracia Ya ( Saltillo, México)
Otros autores: García Valero, José Luis (edición y prólogo) (edición y prólogo)
Formato: Procedimiento de la conferencia Libro
Idioma:Español
Publicado: Saltillo, México : Instituto Mexicano de Estudios Políticos : Ayuntamiento de Saltillo, 1993, c1993
Temas:
Etiquetas: Agrega una etiqueta
Sin etiquetas, Sé el primero en etiquetar este registro!

MARC

LEADER 00000nam^a2200000^a^4500
001 000358223
005 20250620000000.0
009 20260310115321.341
020 |a 968-6686-08-8 
037 |a Acervo ITESO - Biblioteca 
041 |a ESP 
082 |a 324. 972  |b FOR 1992 
111 |a Foro Democracia Ya (  |d 1992 :  |c Saltillo, México) 
240 1 1 |a [Foro Democracia ya] 
245 1 0 |a Foro Democracia ya /  |c Ed. y pról. de J.L. García Valero ; presen. de R. Villarreal Dávila. 
264 4 |a Saltillo, México :  |b Instituto Mexicano de Estudios Políticos :  |b Ayuntamiento de Saltillo,  |c 1993, c1993 
300 |a 273 p. 
336 |a texto  |b txt  |2 rdacontenido 
337 |a sin mediación  |b n  |2 rdamedio 
338 |a volumen  |b nc  |2 rdasoporte 
649 |a XX 
650 |a Medios de Comunicación -  |z México 
650 |a Partidos Políticos -  |z México 
650 |a Tratado de Libre Comercio -  |z México-EUA-Canadá 
650 |a Liberalismo -  |z México 
650 |a Globalización -  |z México 
650 |a Identidad Cultural -  |z México 
650 |a Elecciones Municipales -  |z México 
650 |a Elecciones -  |z México -  |x Tema Principal 
650 |a Democracia -  |z México -  |x Tema Principal 
650 |a Sistema Político -  |z México 
650 |a Proceso Político -  |z México 
650 |a Derecho a la Información -  |z México 
650 |a Comunicación Masiva -  |z México 
650 |a Comunicación y Democracia -  |z México 
650 |a Comunicación y Política -  |z México 
650 |a Política Municipal -  |z México 
650 |a Administración Pública -  |z México 
650 |a Política -  |z México 
700 |a García Valero, José Luis  |e (edición y prólogo) 
910 |a Fondo General 
920 |a Impresos - Libros 
930 |a Colección General 
905 |a 101 
901 |a 0500250688  |b IT1  |c ACC  |d DT  |i D72061  |u 20250620 
902 |a https://opac.biblio.iteso.mx/vufind/Record/000358223